<?xml version='1.0' encoding='UTF-8'?>
  <record xmlns="http://www.loc.gov/MARC21/slim">
    <leader>00000ctm a22000007i 4500</leader>
    <controlfield tag="001">ocn965419912</controlfield>
    <controlfield tag="003">OCoLC</controlfield>
    <controlfield tag="005">20260116164628.9</controlfield>
    <controlfield tag="008">110705q17771894ne            000 0 dut d</controlfield>
    <datafield tag="040" ind1=" " ind2=" ">
      <subfield code="a">QGJ</subfield>
      <subfield code="b">dut</subfield>
      <subfield code="c">QGJ</subfield>
      <subfield code="d">OCLCL</subfield>
      <subfield code="d">OCLCQ</subfield>
    </datafield>
    <datafield tag="035" ind1=" " ind2=" ">
      <subfield code="a">(OCoLC)965419912</subfield>
    </datafield>
    <datafield tag="041" ind1=" " ind2=" ">
      <subfield code="a">dut</subfield>
    </datafield>
    <datafield tag="245" ind1="0" ind2="0">
      <subfield code="a">Tekeningen van aangeboren afwijkingen.</subfield>
      <subfield code="f">UBU F 1-6.</subfield>
    </datafield>
    <datafield tag="246" ind1="1" ind2=" ">
      <subfield code="a">Aangeborenafwijkingentekeningen</subfield>
    </datafield>
    <datafield tag="260" ind1=" " ind2=" ">
      <subfield code="a">[Utrecht?],</subfield>
      <subfield code="c">[1777-1894]</subfield>
    </datafield>
    <datafield tag="300" ind1=" " ind2=" ">
      <subfield code="a">62 bl. pl. ;</subfield>
      <subfield code="c">formaat varieert</subfield>
    </datafield>
    <datafield tag="336" ind1=" " ind2=" ">
      <subfield code="a">text</subfield>
      <subfield code="b">txt</subfield>
      <subfield code="2">rdacontent</subfield>
    </datafield>
    <datafield tag="337" ind1=" " ind2=" ">
      <subfield code="a">unmediated</subfield>
      <subfield code="b">n</subfield>
      <subfield code="2">rdamedia</subfield>
    </datafield>
    <datafield tag="338" ind1=" " ind2=" ">
      <subfield code="a">volume</subfield>
      <subfield code="b">nc</subfield>
      <subfield code="2">rdacarrier</subfield>
    </datafield>
    <datafield tag="340" ind1=" " ind2=" ">
      <subfield code="a">papier.</subfield>
    </datafield>
    <datafield tag="500" ind1=" " ind2=" ">
      <subfield code="a">Titel op omslag: aangeborenafwijkingentekeningen.</subfield>
    </datafield>
    <datafield tag="500" ind1=" " ind2=" ">
      <subfield code="a">Tekeningen in waterverf, potlood, krijt of gemengde techniek, enkele ingekleurd en enkele met verklarende tekst.</subfield>
    </datafield>
    <datafield tag="500" ind1=" " ind2=" ">
      <subfield code="a">Bevat ook platen afkomstig uit gedrukte boeken of tijdschriften.</subfield>
    </datafield>
    <datafield tag="500" ind1=" " ind2=" ">
      <subfield code="a">Bevat ook portretten van beroemde medici, veelal platen uit gedrukte boeken.</subfield>
    </datafield>
    <datafield tag="500" ind1=" " ind2=" ">
      <subfield code="a">No. 4, 5 gesigneerd J. Hobell en gedateerd 1799; no. 9 gravure afkomstig uit gedrukt boek, gesigneerd De Serre en B. de Bakker; no. 11 steendruk afkomstig uit gedrukt boek, gesigneerd Neu Ulm J.B. Eckerler met datering van het afgebeelde fenomeen 1838; no. 15 gesigneerd Jan Renting; no. 16 gesigneerd J. Renting; no. 17; no. 18 gesigneerd Alexander C. G. Suerman; no. 20 gesigneerd Alexander C. G. Suerman; no. 21 gesigneerd J. Renting; no. 22 portret van Charles Darwin, gravure afkomstig uit gedrukt boek (Brockhaus in Leipzig) en gesigneerd A. Kraube; no. 23 gesigneerd J. R.; no. 25 portret van J. Fabrizio d'Aquapendenti, steendruk afkomstig uit gedrukt boek, gesigneerd G. Engelmann; no. 26 portret van Abraham Vater, gravure afkomstig uit een gedrukt boek, gesigneerd J. M. Seligmann; no. 27 portret van Graf von Buffon, gravure afkomstig uit een gedrukt boek, gesigneerd J. F. Schleuen en gedateerd 1777; no. 28 gesigneerd Jan Renting; 29 portret van Petrus Camper, steendruk afkomstig uit gedrukt boek: 30 portret van Mr. [Jean-Baptiste Pierre Antoine de Monet de] Lamarck, gravure afkomstig uit een gedrukt boek, gesigneerd Thevenin en Fremy; no. 32 gesigneerd Alexander C. G. Suerman; no. 41 plaat afkomstig uit Het lancet : maandschrift voor practische genees-, heel- en verloskunde, jg. 1(1860) en gesigneerd P. W. v.d. Weijer, Utrecht; no. 43, 44 steendruk afkomstig uit gedrukt boek, gesigneerd C. L. J. Backer en P.W. v.d. Weijer, Utrecht; no. 50 steendruk afkomstig uit gedrukt boek, gesigneerd Neu Ulm J.B. Eckerler; no. 55 steendruk afkomstig uit gedrukt boek, gesigneerd C.G.R. Meijer; no. portret van Prof. Herman Snellen, op 60-jarige leeftijd, gedateerd 1894.</subfield>
    </datafield>
    <datafield tag="500" ind1=" " ind2=" ">
      <subfield code="a">Formaat map: 675 x 555 mm.</subfield>
    </datafield>
    <datafield tag="500" ind1=" " ind2=" ">
      <subfield code="a">Illustrations: diepdruk / intaglio printing).</subfield>
    </datafield>
    <datafield tag="655" ind1=" " ind2="7">
      <subfield code="a">Handschriften (vorm)</subfield>
      <subfield code="0">(NL-LeOCL)088143309.</subfield>
      <subfield code="2">gtt</subfield>
    </datafield>
    <datafield tag="700" ind1="1" ind2=" ">
      <subfield code="a">Hobell, J.</subfield>
    </datafield>
    <datafield tag="700" ind1="1" ind2=" ">
      <subfield code="a">Renting, Jan.</subfield>
    </datafield>
    <datafield tag="700" ind1="1" ind2=" ">
      <subfield code="a">Suerman, Alexander Karel Willem,</subfield>
      <subfield code="d">1809-1840.</subfield>
      <subfield code="1">https://id.oclc.org/worldcat/entity/E39PBJtcDB4rYjgVqMT3h7ttKd</subfield>
    </datafield>
    <datafield tag="700" ind1="1" ind2=" ">
      <subfield code="a">Suerman, Herman.</subfield>
    </datafield>
    <datafield tag="700" ind1="1" ind2=" ">
      <subfield code="a">Sere, ... de,</subfield>
      <subfield code="e">designer.</subfield>
      <subfield code="4">dsr</subfield>
    </datafield>
    <datafield tag="700" ind1="1" ind2=" ">
      <subfield code="a">Bakker, B. de,</subfield>
      <subfield code="e">engraver.</subfield>
      <subfield code="4">egr</subfield>
    </datafield>
    <datafield tag="700" ind1="1" ind2=" ">
      <subfield code="a">Seligmann, J. M.,</subfield>
      <subfield code="e">engraver.</subfield>
      <subfield code="4">egr</subfield>
    </datafield>
    <datafield tag="700" ind1="1" ind2=" ">
      <subfield code="a">Schleuen, J. F.,</subfield>
      <subfield code="e">engraver.</subfield>
      <subfield code="4">egr</subfield>
    </datafield>
    <datafield tag="700" ind1="1" ind2=" ">
      <subfield code="a">Thevenin,</subfield>
      <subfield code="e">designer.</subfield>
      <subfield code="4">dsr</subfield>
    </datafield>
    <datafield tag="700" ind1="1" ind2=" ">
      <subfield code="a">Fremy,</subfield>
      <subfield code="e">engraver.</subfield>
      <subfield code="4">egr</subfield>
    </datafield>
    <datafield tag="856" ind1="4" ind2="1">
      <subfield code="u">http://objects.library.uu.nl/reader/resolver.php?obj=002381835&amp;type=2</subfield>
      <subfield code="x">Online</subfield>
      <subfield code="z">Full Text</subfield>
    </datafield>
    <datafield tag="936" ind1=" " ind2=" ">
      <subfield code="a">BATCHLOAD</subfield>
    </datafield>
  </record>